[Event "UZB-ch (Women)"]
[Site "Tashkent"]
[Date "2014.03.29"]
[Round "6"]
[White "Mamatkulova, Maftuna"]
[Black "Hamrakulova, Yulduz"]
[Result "1/2-1/2"]
[WhiteElo "2036"]
[BlackElo "2113"]
[PlyCount "109"]
[EventDate "2014.03.24"]
[EventType "tourn"]
[EventRounds "11"]
[EventCountry "UZB"]
[SourceTitle "CBM 159 Extra"]
[Source "ChessBase"]
[SourceDate "2014.04.24"]
[SourceVersion "1"]
[SourceVersionDate "2014.04.24"]
[SourceQuality "1"]

1. d4 Nf6 2. c4 g6 3. Nc3 d5 4. cxd5 Nxd5 5. Bd2 Bg7 6. e4 Nb6 7. Be3 0-0 8. h3 Nc6 9. Nf3 e5 10. dxe5 Nxe5 11. Nxe5 Bxe5 12. Be2 Be6 13. Qc1 Nc4 14. Bh6 Re8 15. 0-0 c6 16. Rb1 Qa5 17. b4 Qa3 18. Qxa3 Nxa3 19. Rbc1 a5 20. bxa5 Rxa5 21. Bd2 Raa8 22. Bg4 Bxg4 23. hxg4 Nc4 24. Be1 b5 25. Rc2 Bd4 26. Ne2 Rxe4 27. Nxd4 Rxd4 28. g5 Rd5 29. Bc3 Rxg5 30. Re1 Rd5 31. Re7 Rdd8 32. Rce2 h6 33. Rc7 Rdc8 34. Ree7 Rxc7 35. Rxc7 g5 36. Rxc6 Ra3 37. Bb4 Rxa2 38. Rxh6 Kg7 39. Rc6 Ra1+ 40. Kh2 Rb1 41. Bc3+ Kg8 42. Rh6 Kf8 43. Bf6 Ke8 44. Bxg5 b4 45. Rc6 Ne5 46. Rc5 Ng6 47. Rd5 Kf8 48. Bf6 Kg8 49. g4 Re1 50. Rd8+ Kh7 51. g5 Re4 52. Rb8 Rc4 53. Kg3 Nf4 54. f3 Kg6 55. Rb6 1/2-1/2

[Event "UZB-ch (Women)"]
[Site "Tashkent"]
[Date "2014.03.28"]
[Round "5"]
[White "Tokhirjonova, Gulruhbegim"]
[Black "Mamatkulova, Maftuna"]
[Result "1-0"]
[WhiteElo "2115"]
[BlackElo "2036"]
[PlyCount "90"]
[EventDate "2014.03.24"]
[EventType "tourn"]
[EventRounds "11"]
[EventCountry "UZB"]
[SourceTitle "CBM 159 Extra"]
[Source "ChessBase"]
[SourceDate "2014.04.24"]
[SourceVersion "1"]
[SourceVersionDate "2014.04.24"]
[SourceQuality "1"]

1. e4 g6 2. d4 Bg7 3. Nc3 d6 4. f4 Nf6 5. Bd3 Nc6 6. Nf3 0-0 7. e5 dxe5 8. dxe5 Nd5 9. 0-0 Ncb4 10. Be4 c6 11. Qe2 Nxc3 12. bxc3 Nd5 13. Bd2 Qb6+ 14. Kh1 Qc5 15. c4 Nb6 16. Bd3 Bg4 17. Be3 Qa5 18. h3 Bxf3 19. Rxf3 Rad8 20. Rff1 Na4 21. Rab1 Qc7 22. Qf2 c5 23. Rb3 a6 24. Be4 Rb8 25. Rc1 Rfc8 26. Bf3 b5 27. cxb5 axb5 28. c4 b4 29. a3 bxa3 30. Rxa3 Rb2 31. Qe1 Nb6 32. Ra5 Nd7 33. Rca1 Rcb8 34. Qd1 Qc8 35. Ra7 Nb6 36. Rxe7 Bf8 37. Rea7 Nxc4 38. Bc1 R2b3 39. Bd5 Rxh3+ 40. Kg1 Ne3 41. Bxf7+ Kh8 42. Qe2 Rg3 43. Bxe3 Qc6 44. Kh2 Rb2 45. Qxb2 Rxe3 1-0

[Event "UZB-ch (Women)"]
[Site "Tashkent"]
[Date "2014.03.26"]
[Round "3"]
[White "Sabirova, Olga"]
[Black "Mamatkulova, Maftuna"]
[Result "1/2-1/2"]
[WhiteElo "2113"]
[BlackElo "2036"]
[PlyCount "90"]
[EventDate "2014.03.24"]
[EventType "tourn"]
[EventRounds "11"]
[EventCountry "UZB"]
[SourceTitle "CBM 159 Extra"]
[Source "ChessBase"]
[SourceDate "2014.04.24"]
[SourceVersion "1"]
[SourceVersionDate "2014.04.24"]
[SourceQuality "1"]

1. e4 c6 2. d4 d5 3. Nc3 dxe4 4. Nxe4 Nd7 5. Nf3 Ngf6 6. Ng3 e6 7. Bd3 c5 8. c3 Be7 9. 0-0 0-0 10. Qe2 b6 11. Re1 Qc7 12. Ne4 Bb7 13. Bg5 Rae8 14. dxc5 Bxe4 15. Bxe4 Nxe4 16. cxb6 Qxb6 17. Qxe4 Qxb2 18. Bxe7 Rxe7 19. Qb4 Qxb4 20. cxb4 Nf6 21. Rac1 Rb7 22. Rc4 Nd5 23. a3 h6 24. Rec1 Kh7 25. Kf1 a5 26. bxa5 Ra8 27. Ra4 Rb5 28. a6 Nb6 29. Rb4 Rxb4 30. axb4 Rxa6 31. Rb1 Ra2 32. Ne5 f6 33. Nd3 Rd2 34. Rb3 e5 35. Ke1 Ra2 36. Rb2 Ra3 37. Ke2 Na4 38. Rc2 Rb3 39. Rc4 Nb6 40. Rc6 Nd5 41. Rc4 e4 42. Nc5 Rb2+ 43. Kf1 f5 44. g4 fxg4 45. Rxe4 Rxb4 1/2-1/2

[Event "Asia U20 Girls op"]
[Site "Tashkent"]
[Date "2012.06.02"]
[Round "4"]
[White "Mamatkulova, Maftuna"]
[Black "Abdel Madjid, Dina"]
[Result "1/2-1/2"]
[WhiteElo "2031"]
[BlackElo "1877"]
[PlyCount "99"]
[EventDate "2012.05.30"]
[EventType "swiss"]
[EventRounds "9"]
[EventCountry "UZB"]
[SourceTitle "CBM 148 Extra"]
[Source "ChessBase"]
[SourceDate "2012.06.22"]
[SourceVersion "1"]
[SourceVersionDate "2012.06.22"]
[SourceQuality "1"]

1. d4 d5 2. c4 e6 3. Nc3 c6 4. cxd5 exd5 5. Nf3 Nf6 6. Bg5 Be7 7. e3 Bf5 8. Bd3 Bxd3 9. Qxd3 Nbd7 10. 0-0 0-0 11. Rab1 a5 12. Qc2 Re8 13. h3 Ne4 14. Nxe4 dxe4 15. Bxe7 Qxe7 16. Nd2 Nb6 17. f3 Nd5 18. Rbe1 exf3 19. Rxf3 Qg5 20. Nf1 Re6 21. Qb3 Qe7 22. Ng3 Qb4 23. Kf2 Qxb3 24. axb3 Nb4 25. Rd1 g6 26. e4 h5 27. e5 Rd8 28. Ne4 Rxe5 29. dxe5 Rxd1 30. Nd6 Rd2+ 31. Kg1 Rxb2 32. Rxf7 Re2 33. Re7 Nd3 34. Re8+ Kg7 35. Re7+ Kg8 36. Nxb7 Rxe5 37. Rxe5 Nxe5 38. Nxa5 Kf7 39. Kf2 Ke6 40. Ke3 Kf5 41. Nb7 g5 42. Nd6+ Ke6 43. Ne4 Kf5 44. Ng3+ Kg6 45. Ne2 Kf6 46. Ke4 h4 47. Nd4 Nd7 48. Ke3 c5 49. Nf3 Kf5 50. Nd2 1/2-1/2

[Event "Asia U20 Girls op"]
[Site "Tashkent"]
[Date "2012.05.30"]
[Round "1"]
[White "Hoang, Thi Nhu Y"]
[Black "Mamatkulova, Maftuna"]
[Result "1-0"]
[WhiteElo "2238"]
[BlackElo "2031"]
[PlyCount "120"]
[EventDate "2012.05.30"]
[EventType "swiss"]
[EventRounds "9"]
[EventCountry "UZB"]
[SourceTitle "CBM 148 Extra"]
[Source "ChessBase"]
[SourceDate "2012.06.22"]
[SourceVersion "1"]
[SourceVersionDate "2012.06.22"]
[SourceQuality "1"]

1. c4 Nf6 2. b3 g6 3. Bb2 Bg7 4. g3 d6 5. d4 c5 6. dxc5 Qa5+ 7. Nd2 Qxc5 8. e3 Bg4 9. Ngf3 Nc6 10. Bg2 0-0 11. 0-0 Rac8 12. h3 Bd7 13. Bxf6 Bxf6 14. Ne4 Qf5 15. Nxf6+ Qxf6 16. Qd2 b6 17. Rfe1 Rfd8 18. Rad1 a5 19. Rc1 Qf5 20. Nd4 Qc5 21. Nb5 a4 22. Nc3 axb3 23. axb3 Na5 24. Qb2 Qe5 25. f4 Qg7 26. Re2 Bc6 27. Ra1 Bxg2 28. Kxg2 e6 29. Rd1 d5 30. Red2 Re8 31. e4 dxe4 32. Nxe4 Qxb2 33. Rxb2 Red8 34. Rd7 h6 35. Kf3 Kg7 36. Rbd2 Rxd7 37. Rxd7 Nxb3 38. Nd6 Rf8 39. Rb7 Nc5 40. Rxb6 Rd8 41. Ke3 Nd7 42. Rb7 Nc5 43. Rxf7+ Kg8 44. Rc7 Rxd6 45. Rxc5 Kf7 46. Rc7+ Kf6 47. Rh7 Rd1 48. c5 Rc1 49. Kd4 h5 50. Rc7 Rd1+ 51. Kc4 Rg1 52. Rd7 Rxg3 53. c6 Rg1 54. c7 Rc1+ 55. Kb5 g5 56. fxg5+ Kxg5 57. Kb6 Kh4 58. Rd8 e5 59. c8Q Rxc8 60. Rxc8 e4 1-0

[Event "Central Asia Cup 1st"]
[Site "Tashkent"]
[Date "2011.10.19"]
[Round "2"]
[White "Mamatkulova, Maftuna"]
[Black "Ziyaev, Negmat"]
[Result "1/2-1/2"]
[WhiteElo "2091"]
[BlackElo "2236"]
[PlyCount "85"]
[EventDate "2011.10.18"]
[EventType "swiss"]
[EventRounds "9"]
[EventCountry "UZB"]
[SourceTitle "CBM 144 Extra"]
[Source "ChessBase"]
[SourceDate "2011.10.28"]
[SourceVersion "1"]
[SourceVersionDate "2011.10.28"]
[SourceQuality "1"]

1. d4 d5 2. c4 e6 3. Nf3 c5 4. cxd5 exd5 5. Nc3 Nc6 6. g3 Nf6 7. Bg2 Be7 8. 0-0 0-0 9. dxc5 Bxc5 10. a3 d4 11. Na4 Be7 12. b4 b5 13. Nc5 Bxc5 14. bxc5 Bg4 15. Bb2 Rc8 16. Rc1 Re8 17. h3 Bxf3 18. Bxf3 Qd7 19. Kh2 Red8 20. Qd2 Ne5 21. Rfd1 Nxf3+ 22. exf3 Qf5 23. Bxd4 Qxf3 24. Qe3 Qxe3 25. Bxe3 Nd5 26. Kg2 Nxe3+ 27. fxe3 Kf8 28. Rd4 f6 29. Kf3 Ke7 30. g4 Rd7 31. Ke4 Ke6 32. Rc3 a6 33. Rcd3 Rdc7 34. Rd6+ Ke7 35. Rxa6 Rxc5 36. Ra7+ R8c7 37. Rxc7+ Rxc7 38. Rd5 Rc4+ 39. Kf3 b4 40. axb4 Rxb4 41. Ra5 Kf7 42. Rc5 Kg6 43. Ra5 1/2-1/2

[Event "Central Asia Cup 1st"]
[Site "Tashkent"]
[Date "2011.10.18"]
[Round "1"]
[White "Alikulov, Elbek"]
[Black "Mamatkulova, Maftuna"]
[Result "1-0"]
[WhiteElo "2299"]
[BlackElo "2091"]
[PlyCount "79"]
[EventDate "2011.10.18"]
[EventType "swiss"]
[EventRounds "9"]
[EventCountry "UZB"]
[SourceTitle "CBM 144 Extra"]
[Source "ChessBase"]
[SourceDate "2011.10.28"]
[SourceVersion "1"]
[SourceVersionDate "2011.10.28"]
[SourceQuality "1"]

1. e4 c6 2. Nc3 d5 3. Nf3 Bg4 4. d4 e6 5. Bd3 Nf6 6. 0-0 Be7 7. h3 Bh5 8. Be3 0-0 9. Re1 a6 10. a3 Qc7 11. Qe2 Rd8 12. Rad1 b5 13. Bc1 a5 14. exd5 b4 15. d6 Qxd6 16. Ne4 Nxe4 17. Bxe4 Bg6 18. Bxg6 hxg6 19. c4 bxc3 20. bxc3 Nd7 21. c4 Nf6 22. Ne5 Rdc8 23. Qf3 Ra7 24. g4 Bf8 25. g5 Ne8 26. Rd3 Rb7 27. Bd2 Qc7 28. c5 a4 29. Bf4 Qa5 30. Bd2 Qa6 31. Kg2 Rcc7 32. Bb4 Rc8 33. h4 f6 34. Nxg6 Qc4 35. Rde3 Rf7 36. Qh5 Qd5+ 37. f3 Rd7 38. Qh8+ Kf7 39. Nxf8 Nc7 40. g6+ 1-0

[Event "UZB-ch U20 Girls"]
[Site "Tashkent"]
[Date "2011.09.15"]
[Round "10"]
[White "Kurbonboeva, Sarvinoz"]
[Black "Mamatkulova, Maftuna"]
[Result "1/2-1/2"]
[WhiteElo "2133"]
[BlackElo "2091"]
[PlyCount "132"]
[EventDate "2011.09.06"]
[EventType "tourn"]
[EventRounds "13"]
[EventCountry "UZB"]
[SourceTitle "CBM 144 Extra"]
[Source "ChessBase"]
[SourceDate "2011.10.28"]
[SourceVersion "1"]
[SourceVersionDate "2011.10.28"]
[SourceQuality "1"]

1. c4 c6 2. Nf3 d5 3. d4 Nf6 4. Nc3 a6 5. e3 b5 6. b3 Bg4 7. Be2 e6 8. h3 Bh5 9. 0-0 Bd6 10. Bb2 Nbd7 11. Nd2 Bg6 12. c5 Bc7 13. f4 b4 14. Na4 Ne4 15. Nxe4 Bxe4 16. a3 a5 17. axb4 axb4 18. Bc1 Qf6 19. Bf3 Nxc5 20. Nxc5 Rxa1 21. Bxe4 dxe4 22. Na4 Qf5 23. Qc2 Qd5 24. Re1 0-0 25. Kh2 f5 26. Rg1 Ra8 27. g4 g6 28. g5 R8xa4 29. bxa4 b3 30. Qe2 Rxa4 31. Bb2 Qc4 32. Qxc4 Rxc4 33. Rb1 Bd6 34. Kg1 Kf7 35. Kf1 Ke8 36. Ke1 Bb4+ 37. Kd1 Kd7 38. Ra1 Rc2 39. Bc1 b2 40. Ra7+ Ke8 41. Kxc2 bxc1Q+ 42. Kxc1 c5 43. Rxh7 cxd4 44. exd4 Bd6 45. Rh4 Kf7 46. Rh7+ Kg8 47. Rd7 Bxf4+ 48. Kd1 Bxg5 49. d5 exd5 50. Rxd5 Kg7 51. Ke2 Kh6 52. Kf2 Bf4 53. Rd7 Kg5 54. Rb7 Bd6 55. Rd7 Bc5+ 56. Kg2 Be3 57. Rd6 f4 58. Rd5+ Kf6 59. Ra5 f3+ 60. Kg3 Bd4 61. Rb5 Bc3 62. Kf2 Bd4+ 63. Kg3 g5 64. Rd5 Be5+ 65. Kf2 Bf4 66. Rb5 Ke6 1/2-1/2

[Event "UZB-ch U20 Girls"]
[Site "Tashkent"]
[Date "2011.09.12"]
[Round "7"]
[White "Mamatkulova, Maftuna"]
[Black "Afolayyan, Marjona"]
[Result "1-0"]
[WhiteElo "2091"]
[BlackElo "1887"]
[PlyCount "61"]
[EventDate "2011.09.06"]
[EventType "tourn"]
[EventRounds "13"]
[EventCountry "UZB"]
[SourceTitle "CBM 144 Extra"]
[Source "ChessBase"]
[SourceDate "2011.10.28"]
[SourceVersion "1"]
[SourceVersionDate "2011.10.28"]
[SourceQuality "1"]

1. d4 d5 2. c4 dxc4 3. e3 a6 4. Bxc4 b5 5. Bxf7+ Kxf7 6. Qf3+ Nf6 7. Qxa8 Bd7 8. Nf3 Kg8 9. Ne5 Bf5 10. Nd2 Nd5 11. 0-0 h5 12. Nb3 g5 13. Bd2 Bg7 14. Ba5 g4 15. Nc5 Rh6 16. Rfd1 h4 17. e4 Nb6 18. Bxb6 cxb6 19. Nxa6 Rd6 20. Qxb8 Bc8 21. Rac1 Bxa6 22. Qxd8+ Rxd8 23. f4 Rd6 24. Rc7 b4 25. Rxe7 Bh6 26. g3 h3 27. Kf2 Kf8 28. Ra7 Bb5 29. Rc1 Rxd4 30. Rc8+ Be8 31. Rf7+ 1-0

[Event "UZB-ch U20 Girls"]
[Site "Tashkent"]
[Date "2011.09.11"]
[Round "6"]
[White "Danierova, Rayhon"]
[Black "Mamatkulova, Maftuna"]
[Result "1-0"]
[WhiteElo "1918"]
[BlackElo "2091"]
[PlyCount "71"]
[EventDate "2011.09.06"]
[EventType "tourn"]
[EventRounds "13"]
[EventCountry "UZB"]
[SourceTitle "CBM 144 Extra"]
[Source "ChessBase"]
[SourceDate "2011.10.28"]
[SourceVersion "1"]
[SourceVersionDate "2011.10.28"]
[SourceQuality "1"]

1. e4 c6 2. d4 d5 3. exd5 cxd5 4. Bd3 g6 5. c3 Bg7 6. Bf4 Nc6 7. Nd2 Nh6 8. Ngf3 f6 9. 0-0 0-0 10. Re1 Nf7 11. Bb5 a6 12. Bxc6 bxc6 13. Nb3 Bg4 14. h3 Bxf3 15. Qxf3 e5 16. Bh2 Re8 17. Nc5 Nd6 18. Qd3 a5 19. b3 Ra7 20. Rad1 e4 21. Qe2 f5 22. Bxd6 Qxd6 23. a4 f4 24. f3 e3 25. Qd3 Qf6 26. c4 Rb8 27. Re2 h5 28. g3 g5 29. gxf4 gxf4 30. Rg2 Re8 31. Kh2 Ree7 32. cxd5 cxd5 33. Rdg1 Kh8 34. Rg5 Kg8 35. Rxh5 Rf7 36. Rg6 1-0

[Event "Tashkent zt 3.4 (Women)"]
[Site "Tashkent"]
[Date "2011.06.16"]
[Round "9"]
[White "Mamatkulova, Maftuna"]
[Black "Kusluvan, Yekaterina"]
[Result "1-0"]
[WhiteElo "2046"]
[BlackElo "2088"]
[PlyCount "99"]
[EventDate "2011.06.08"]
[EventType "swiss"]
[EventRounds "9"]
[EventCountry "UZB"]
[SourceTitle "CBM 142 Extra"]
[Source "ChessBase"]
[SourceDate "2011.06.27"]
[SourceVersion "1"]
[SourceVersionDate "2011.06.27"]
[SourceQuality "1"]

1. d4 Nf6 2. c4 g6 3. Nc3 d5 4. cxd5 Nxd5 5. e4 Nxc3 6. bxc3 Bg7 7. Bc4 c5 8. Ne2 Nc6 9. Be3 0-0 10. 0-0 Bg4 11. f3 Na5 12. Bd3 cxd4 13. cxd4 Be6 14. d5 Bxa1 15. Qxa1 f6 16. Bh6 Re8 17. Kh1 Rc8 18. Nf4 Bf7 19. Bb5 Qc7 20. Bxe8 Bxe8 21. Ne6 Qc3 22. Qb1 Qc2 23. Qb4 Qc4 24. Qxc4 Nxc4 25. h4 Bd7 26. Nd4 b5 27. Rb1 Nd6 28. Bf4 a6 29. Rc1 Rxc1+ 30. Bxc1 Nc4 31. Kg1 Kf7 32. Kf2 Ke8 33. Ke2 Kd8 34. Kd3 Kc7 35. Bh6 Kd6 36. Bf8 a5 37. Nc2 Ne5+ 38. Kd4 b4 39. Ne3 Bb5 40. Bh6 Nf7 41. Bf4+ Ne5 42. Nc4+ Kc7 43. Bxe5+ fxe5+ 44. Nxe5 Bf1 45. g3 Kb6 46. Nc4+ Kb5 47. Nd2 Bh3 48. g4 Ka4 49. e5 Kb5 50. e6 1-0

[Event "Tashkent zt 3.4 (Women)"]
[Site "Tashkent"]
[Date "2011.06.15"]
[Round "8"]
[White "Mamatkulova, Maftuna"]
[Black "Nakhbayeva, Guliskhan"]
[Result "0-1"]
[WhiteElo "2046"]
[BlackElo "2244"]
[PlyCount "86"]
[EventDate "2011.06.08"]
[EventType "swiss"]
[EventRounds "9"]
[EventCountry "UZB"]
[SourceTitle "CBM 142 Extra"]
[Source "ChessBase"]
[SourceDate "2011.06.27"]
[SourceVersion "1"]
[SourceVersionDate "2011.06.27"]
[SourceQuality "1"]

1. d4 d5 2. Nf3 c6 3. c4 Nf6 4. e3 Bg4 5. Nbd2 e6 6. Qb3 Qc7 7. Bd3 Nbd7 8. 0-0 Bd6 9. Qc2 0-0 10. c5 Be7 11. b4 a5 12. b5 cxb5 13. Bxb5 Bf5 14. Bd3 Bxd3 15. Qxd3 b6 16. cxb6 Nxb6 17. Ba3 Bb4 18. Rac1 Qd6 19. Qb5 Nbd7 20. Rc6 Qe7 21. Bc1 Rfb8 22. Qd3 h6 23. g3 a4 24. Kg2 a3 25. h3 Bd6 26. Rd1 Nb6 27. Ne5 Na4 28. Rc2 Rc8 29. Rxc8+ Rxc8 30. Qa6 Rxc1 31. Rxc1 Nb2 32. Rc8+ Kh7 33. Ndf3 Bxe5 34. dxe5 Ne4 35. Qa8 Kg6 36. Re8 Qb4 37. Qd8 Ng5 38. Nd4 Nd1 39. h4 Qd2 40. hxg5 Qxf2+ 41. Kh3 Qf1+ 42. Kh2 Nxe3 43. Rxe6+ Kh5 0-1

[Event "Tashkent zt 3.4 (Women)"]
[Site "Tashkent"]
[Date "2011.06.11"]
[Round "4"]
[White "Mamatkulova, Maftuna"]
[Black "Dauletova, Gulmira"]
[Result "1/2-1/2"]
[WhiteElo "2046"]
[BlackElo "2263"]
[PlyCount "117"]
[EventDate "2011.06.08"]
[EventType "swiss"]
[EventRounds "9"]
[EventCountry "UZB"]
[SourceTitle "CBM 142 Extra"]
[Source "ChessBase"]
[SourceDate "2011.06.27"]
[SourceVersion "1"]
[SourceVersionDate "2011.06.27"]
[SourceQuality "1"]

1. d4 Nf6 2. c4 g6 3. Nc3 Bg7 4. e4 d6 5. Nf3 0-0 6. Be2 Nbd7 7. 0-0 e5 8. Re1 Re8 9. Bf1 a5 10. d5 Nc5 11. Qc2 Nh5 12. g3 f5 13. Bg2 f4 14. Rb1 Rf8 15. Rf1 g5 16. b3 g4 17. Nd2 f3 18. Bh1 Nf6 19. a3 Bd7 20. b4 axb4 21. axb4 Na4 22. Nd1 Qe7 23. Re1 b5 24. cxb5 Bxb5 25. Ne3 Qd7 26. h3 h5 27. hxg4 hxg4 28. Bxf3 gxf3 29. Nxf3 Nxe4 30. Qxe4 Nc3 31. Qc2 e4 32. Ng5 Bd3 33. Qb3 Nxb1 34. Rd1 Qa4 35. Rxd3 Qxb3 36. Rxb3 Nc3 37. Kg2 Ra2 38. Rb2 Ra1 39. Rc2 Ra2 40. Ne6 Rxc2 41. Nxc2 Ra8 42. Nxg7 Ra2 43. Nd4 Kxg7 44. Ne6+ Kf7 45. Nxc7 Nd1 46. Nb5 Nxf2 47. Kf1 Ke7 48. Bf4 Ng4 49. Bxd6+ Kd7 50. Bc5 e3 51. Ke1 Rb2 52. Nc3 Rb3 53. Nd1 Ra3 54. Ke2 Ra2+ 55. Ke1 Ra1 56. Ke2 Ra2+ 57. Ke1 Ra1 58. Ke2 Ra2+ 59. Ke1 1/2-1/2

[Event "Tashkent zt 3.4 (Women)"]
[Site "Tashkent"]
[Date "2011.06.08"]
[Round "1"]
[White "Sabirova, Olga"]
[Black "Mamatkulova, Maftuna"]
[Result "0-1"]
[WhiteElo "2225"]
[BlackElo "2046"]
[PlyCount "142"]
[EventDate "2011.06.08"]
[EventType "swiss"]
[EventRounds "9"]
[EventCountry "UZB"]
[SourceTitle "CBM 142 Extra"]
[Source "ChessBase"]
[SourceDate "2011.06.27"]
[SourceVersion "1"]
[SourceVersionDate "2011.06.27"]
[SourceQuality "1"]

1. e4 c6 2. d4 d5 3. f3 e6 4. Nc3 Nd7 5. Bf4 Bb4 6. Qd3 Ne7 7. a3 Ba5 8. 0-0-0 Bc7 9. Qe3 Rb8 10. h4 b5 11. Bxc7 Qxc7 12. exd5 Nxd5 13. Nxd5 cxd5 14. b3 Qd6 15. Kb2 b4 16. a4 Ba6 17. Bxa6 Qxa6 18. Ne2 Rc8 19. h5 Qc6 20. Rc1 0-0 21. h6 g6 22. c3 Qd6 23. Qd2 bxc3+ 24. Nxc3 a6 25. Ne2 Rb8 26. Ka2 Rb4 27. Rc3 a5 28. Rhc1 Qb8 29. Qe3 Nb6 30. Qe5 Qxe5 31. dxe5 Rb8 32. Rc5 Nc4 33. f4 Rxb3 34. Rc8+ Rxc8 35. Kxb3 f6 36. exf6 Kf7 37. Nd4 Kxf6 38. Rc2 Rb8+ 39. Kc3 Rb1 40. Re2 Rc1+ 41. Kb3 e5 42. fxe5+ Nxe5 43. Rf2+ Kg5 44. Ne6+ Kxh6 45. Rd2 Rc6 46. Nf4 Rb6+ 47. Kc3 Rb4 48. Ne6 Rxa4 49. Rxd5 Ra3+ 50. Kd4 Nc6+ 51. Kc5 Rc3+ 52. Kb5 Na7+ 53. Kxa5 Rc6 54. Nd4 Rc7 55. Kb6 Rf7 56. Kc5 Nc8 57. Nf3 Rc7+ 58. Kd4 Ne7 59. Rc5 Nf5+ 60. Kd5 Ne3+ 61. Kd6 Rxc5 62. Kxc5 Nxg2 63. Kd5 Kh5 64. Ne5 Kh4 65. Ke6 Kg5 66. Kf7 Nf4 67. Nf3+ Kg4 68. Ne5+ Kg3 69. Kf6 h5 70. Nf7 h4 71. Ng5 h3 0-1

[Event "UZB-ch (Women)"]
[Site "Tashkent"]
[Date "2011.05.29"]
[Round "9"]
[White "Sabirova, Olga"]
[Black "Mamatkulova, Maftuna"]
[Result "1/2-1/2"]
[WhiteElo "2225"]
[BlackElo "2046"]
[PlyCount "135"]
[EventDate "2011.05.21"]
[EventType "tourn"]
[EventRounds "11"]
[EventCountry "UZB"]
[SourceTitle "CBM 142 Extra"]
[Source "ChessBase"]
[SourceDate "2011.06.27"]
[SourceVersion "1"]
[SourceVersionDate "2011.06.27"]
[SourceQuality "1"]

1. e4 c6 2. Nc3 d5 3. Nf3 Bg4 4. h3 Bxf3 5. Qxf3 e6 6. d3 Nd7 7. Bd2 Ngf6 8. g4 d4 9. Ne2 c5 10. g5 Ne5 11. Qg3 Nfd7 12. f4 Nc6 13. 0-0-0 Qc7 14. h4 0-0-0 15. Kb1 Kb8 16. h5 Nb6 17. b3 a5 18. Bh3 g6 19. Bg2 Be7 20. Rh3 a4 21. hxg6 hxg6 22. Rdh1 Rxh3 23. Rxh3 c4 24. dxc4 Nxc4 25. bxc4 Qb6+ 26. Kc1 d3 27. cxd3 Ba3+ 28. Kd1 Qb1+ 29. Nc1 Bxc1 30. Bxc1 Nb4 31. Bf1 Qc2+ 32. Ke1 Qxc1+ 33. Kf2 Qb2+ 34. Kg1 Nxa2 35. f5+ e5 36. Rh2 Qd4+ 37. Qf2 Nb4 38. Qxd4 Rxd4 39. Rb2 Nxd3 40. Bxd3 Rxd3 41. Ra2 a3 42. fxg6 fxg6 43. Kf2 Rb3 44. Ke1 Re3+ 45. Kd2 Rxe4 46. Rxa3 Rxc4 47. Ra5 Rc6 48. Rxe5 Ka7 49. Ke3 Ka6 50. Re8 b5 51. Ra8+ Kb7 52. Rf8 b4 53. Kd3 b3 54. Rf2 Kc7 55. Rb2 Rb6 56. Kc3 Kd6 57. Rd2+ Ke5 58. Kb2 Rb5 59. Rf2 Ke4 60. Rf6 Rxg5 61. Kxb3 Ke5 62. Rf8 Rg3+ 63. Kc2 Re3 64. Kd2 Ra3 65. Ke2 g5 66. Kf2 Ra1 67. Kg3 Rg1+ 68. Kh2 1/2-1/2

[Event "UZB-ch (Women)"]
[Site "Tashkent"]
[Date "2011.05.27"]
[Round "7"]
[White "Tokhirjanova, Hulkar"]
[Black "Mamatkulova, Maftuna"]
[Result "1/2-1/2"]
[WhiteElo "2106"]
[BlackElo "2046"]
[PlyCount "62"]
[EventDate "2011.05.21"]
[EventType "tourn"]
[EventRounds "11"]
[EventCountry "UZB"]
[SourceTitle "CBM 142 Extra"]
[Source "ChessBase"]
[SourceDate "2011.06.27"]
[SourceVersion "1"]
[SourceVersionDate "2011.06.27"]
[SourceQuality "1"]

1. e4 c6 2. d4 d5 3. e5 Bf5 4. Nf3 e6 5. Be2 Ne7 6. 0-0 Nd7 7. h3 a6 8. b3 c5 9. c3 Nc6 10. a3 Be7 11. Be3 0-0 12. Nbd2 Rc8 13. Ne1 f6 14. f4 fxe5 15. dxe5 d4 16. cxd4 cxd4 17. Bf2 Nc5 18. b4 Ne4 19. Nxe4 Bxe4 20. Bc4 Bd5 21. Bxd5 Qxd5 22. Qd2 a5 23. Nd3 axb4 24. axb4 Ra8 25. Qb2 b5 26. Rfc1 Rxa1 27. Rxa1 Qc4 28. Rc1 Qxd3 29. Rxc6 Rxf4 30. Rxe6 Bf8 31. Re8 Qc4 1/2-1/2

[Event "UZB-ch (Women)"]
[Site "Tashkent"]
[Date "2011.05.26"]
[Round "6"]
[White "Mamatkulova, Maftuna"]
[Black "Ibragimova, Iroda"]
[Result "1-0"]
[WhiteElo "2046"]
[BlackElo "1864"]
[PlyCount "108"]
[EventDate "2011.05.21"]
[EventType "tourn"]
[EventRounds "11"]
[EventCountry "UZB"]
[SourceTitle "CBM 142 Extra"]
[Source "ChessBase"]
[SourceDate "2011.06.27"]
[SourceVersion "1"]
[SourceVersionDate "2011.06.27"]
[SourceQuality "1"]

1. d4 e6 2. c4 b6 3. Nf3 Bb7 4. a3 f5 5. Nc3 Nf6 6. g3 g6 7. Bg2 Bg7 8. 0-0 0-0 9. d5 exd5 10. cxd5 Na6 11. Bf4 Qe8 12. d6 c5 13. Qb3+ Qf7 14. Qa4 Qe8 15. Rad1 Ne4 16. Nxe4 Qxe4 17. Qb5 Qc6 18. Qc4+ Kh8 19. Qc1 Rae8 20. Rfe1 b5 21. Bh6 c4 22. Bxg7+ Kxg7 23. Rd4 Nc5 24. Rh4 Rh8 25. Qh6+ Kg8 26. Rd4 Re6 27. Qf4 Kg7 28. Nh4 Qc8 29. Bxb7 Qxb7 30. Nxf5+ gxf5 31. Qg5+ Rg6 32. Qe7+ Kg8 33. Qe8+ Kg7 34. Qe5+ Rf6 35. Qxc5 Kf7 36. e4 Re8 37. e5 f4 38. Qd5+ Qxd5 39. Rxd5 a6 40. Kf1 Rf5 41. g4 Ke6 42. gxf5+ Kxd5 43. Rd1+ Kc6 44. e6 dxe6 45. d7 Rd8 46. fxe6 Kc7 47. e7 Rxd7 48. e8Q Rxd1+ 49. Kg2 Rd2 50. Qf7+ Kc6 51. Qxf4 Rd7 52. Qe4+ Kd6 53. f4 Rf7 54. f5 a5 1-0

[Event "UZB-ch U20 Girls"]
[Site "Tashkent"]
[Date "2010.09.12"]
[Round "8"]
[White "Mamatkulova, Maftuna"]
[Black "Kim, Natalya"]
[Result "1/2-1/2"]
[WhiteElo "1993"]
[BlackElo "1932"]
[PlyCount "60"]
[EventDate "2010.09.05"]
[EventType "tourn"]
[EventRounds "13"]
[EventCountry "UZB"]
[SourceTitle "CBM 138 Extra"]
[Source "ChessBase"]
[SourceDate "2010.10.29"]
[SourceVersion "1"]
[SourceVersionDate "2010.10.29"]
[SourceQuality "1"]

1. d4 Nf6 2. c4 e6 3. Nf3 b6 4. g3 Bb7 5. Bg2 Bb4+ 6. Nbd2 0-0 7. 0-0 Bxd2 8. Bxd2 d6 9. Rc1 Nbd7 10. a3 a5 11. Be1 a4 12. Nd2 Bxg2 13. Kxg2 e5 14. e3 Qe7 15. Nf3 Rfe8 16. Qc2 exd4 17. exd4 Qe2 18. Bd2 Qe4 19. Qxe4 Rxe4 20. Rce1 Rae8 21. Rxe4 Rxe4 22. Re1 Rxe1 23. Bxe1 d5 24. cxd5 Nxd5 25. Kf1 c5 26. dxc5 Nxc5 27. Ke2 f6 28. Nd4 Kf7 29. f3 g6 30. Bd2 Ke7 1/2-1/2

[Event "UZB-ch U20 Girls"]
[Site "Tashkent"]
[Date "2010.09.07"]
[Round "3"]
[White "Orzikulova, Maftuna"]
[Black "Mamatkulova, Maftuna"]
[Result "0-1"]
[WhiteElo "2009"]
[BlackElo "1993"]
[PlyCount "90"]
[EventDate "2010.09.05"]
[EventType "tourn"]
[EventRounds "13"]
[EventCountry "UZB"]
[SourceTitle "CBM 138 Extra"]
[Source "ChessBase"]
[SourceDate "2010.10.29"]
[SourceVersion "1"]
[SourceVersionDate "2010.10.29"]
[SourceQuality "1"]

1. d4 Nf6 2. c4 g6 3. Nc3 Bg7 4. e4 d6 5. Nf3 0-0 6. h3 e5 7. d5 Nbd7 8. Bd3 Nc5 9. Bc2 a5 10. Be3 b6 11. Qd2 Bd7 12. Bh6 a4 13. 0-0 Nh5 14. Bxg7 Kxg7 15. Nh2 Nf4 16. Ne2 Qf6 17. Nxf4 exf4 18. Rab1 g5 19. Qd1 Rfe8 20. Re1 Rh8 21. Ng4 Bxg4 22. hxg4 a3 23. b4 Nd7 24. Rb3 Ne5 25. Qe2 h5 26. f3 hxg4 27. fxg4 Rh4 28. Rh3 f3 29. Qf2 Rah8 30. Rxh4 Rxh4 31. g3 Nxg4 32. e5 Rh1+ 33. Kxh1 Nxf2+ 34. Kg1 Nh3+ 35. Kh2 dxe5 36. Kxh3 f2 37. Rf1 Qf3 38. Bd1 g4+ 39. Kh2 Qd3 40. Kg2 e4 41. c5 bxc5 42. bxc5 e3 43. d6 cxd6 44. Bxg4 dxc5 45. Rd1 e2 0-1